[Event "Cali Region-ch"]
[Site "Cali"]
[Date "2017.04.30"]
[Round "4"]
[White "Benavides, Juan Jose"]
[Black "Criollo, Luis David"]
[Result "0-1"]
[WhiteElo "1591"]
[BlackElo "1600"]
[PlyCount "64"]
[EventDate "2017.04.28"]
[EventType "swiss"]
[EventRounds "7"]
[EventCountry "COL"]
[SourceTitle "CBM 178 Extra"]
[Source "ChessBase"]
[SourceDate "2017.06.22"]
[SourceVersion "1"]
[SourceVersionDate "2017.06.22"]
[SourceQuality "1"]

1. d4 Nf6 2. g3 e6 3. Bg2 Bb4+ 4. Nd2 d5 5. Ngf3 0-0 6. 0-0 b6 7. a3 Be7 8. b3 Bb7 9. Bb2 Nbd7 10. c4 c5 11. e3 Rc8 12. Qe2 Re8 13. Rac1 Bf8 14. Rfd1 Qe7 15. Ne5 cxd4 16. exd4 g6 17. Ndf3 Bg7 18. Nxd7 Nxd7 19. Ne5 Nxe5 20. dxe5 dxc4 21. bxc4 Bxg2 22. Kxg2 Red8 23. f4 h5 24. Rxd8+ Rxd8 25. Rd1 Qb7+ 26. Kg1 Rxd1+ 27. Qxd1 Qe4 28. Qd4 Qe1+ 29. Kg2 Qe2+ 30. Kg1 Bf8 31. Qc3 Bc5+ 32. Kh1 Qf1# 0-1